000
00245nam a2200097Ia 4500
001
759577
005
20250826164918.0
008
250824s9999 xx 000 0 und d
245
0
_a
İSLAM AKAİDİ
_c
ŞERAFEDDİN GÖLCÜK
260
_b
KİTAP DÜNYASI
999
_c
759577
_d
759577